000 00642nam a2200205 a 4500
999 _c2784
_d2784
001 2784
003 BD-JhCC
005 20171106191832.0
008 171106b1964 bg ||||| |||| 00| 0 ben d
035 _a(BD-JhCC)
040 _aBD-JhCC
_dBD-JhCC
041 _aben
082 _a891.443
_bHAQ 1964
100 _aহক, সৈয়দ শামসুল
245 _aসীমানা ছাড়িয়ে /
_cসৈয়দ শাসসুল হক
260 _aঢাকা:
_bমাওলা ব্রাদার্স ;
_c১৯৬৪
300 _a১১৮ পৃ.;
_c২২ সেমি
650 _aNovel
942 _2ddc
_cBK